Najvyššie zisky z kreativity dolujte z bazéna nápadov

Základné pravidlá a niektoré techniky kreativity. Stavanie mostov, ktoré spájajú. Dve cesty optimalizácie riešenia. Tri podmienky kreativity. Kreatívne techniky. Dve štádiá - hľadanie nápadov a hodnotenie nápadov.

Guardado en:
Detalles Bibliográficos
Autor principal: Burák, Emil
Formato: Capítulo de libro
Lenguaje:eslovaco
Materias:
Etiquetas: Agregar Etiqueta
Sin Etiquetas, Sea el primero en etiquetar este registro!

MARC

LEADER 00000naa a2200000 4500
001 0136769
005 20231006124259.2
041 0 |a slo 
044 |a SK 
245 1 0 |a Najvyššie zisky z kreativity dolujte z bazéna nápadov  |c Emil Burák 
520 |a Základné pravidlá a niektoré techniky kreativity. Stavanie mostov, ktoré spájajú. Dve cesty optimalizácie riešenia. Tri podmienky kreativity. Kreatívne techniky. Dve štádiá - hľadanie nápadov a hodnotenie nápadov. 
610 2 0 |a kreativita 
610 2 0 |a manažéri 
610 2 0 |a psychológia 
100 1 |a Burák, Emil